[Event "Czech Open GM 2019"]
[Site "Pardubice"]
[Date "2019.07.23"]
[Round "5.17"]
[White "Chylewski, Patryk"]
[Black "Jedlicka, Ales"]
[Result "1-0"]
[WhiteElo "2376"]
[BlackElo "2226"]
[Annotator "NA"]
[PlyCount "59"]
[EventDate "2019.07.19"]
[EventType "swiss"]
[EventCountry "CZE"]
[SourceTitle "playchess.com"]
[Source "ChessBase"]
[SourceQuality "1"]

1. d4 Nf6 2. c4 g6 3. Nc3 Bg7 4. e4 d6 5. Bd3 O-O 6. Nge2 Nc6 7. O-O Nh5 8. Be3 e5 9. d5 Ne7 10. f3 f5 11. exf5 gxf5 12. Rc1 Ng6 13. c5 e4 14. Bb1 f4 15. Bd4 exf3 16. gxf3 Bh3 17. Rf2 Qg5+ 18. Kh1 Bxd4 19. Qxd4 dxc5 20. Qxc5 b6 21. Qd4 Ng7 22. Rg1 Qf6 23. Bxg6 hxg6 24. Qxf6 Rxf6 25. Ne4 Rff8 26. Rxg6 Kh7 27. Rc6 Rf5 28. Rxc7 Kh8 29. Rc6 Kh7 30. Ng1 1-0

[Event "Czech Open GM 2019"]
[Site "Pardubice"]
[Date "2019.07.23"]
[Round "5.18"]
[White "Zanan, Evgeny"]
[Black "Krishna Teja, N."]
[Result "1-0"]
[WhiteElo "2505"]
[BlackElo "2368"]
[Annotator "TA"]
[PlyCount "93"]
[EventDate "2019.07.19"]
[EventType "swiss"]
[EventCountry "CZE"]
[SourceTitle "playchess.com"]
[Source "ChessBase"]
[SourceQuality "1"]

1. d4 d5 2. Nf3 Nf6 3. Bf4 c5 4. e3 Nc6 5. Nbd2 Bf5 6. dxc5 e6 7. Nd4 Bxc5 8. Nxf5 exf5 9. c3 Bd6 10. Bg5 O-O 11. Bd3 h6 12. Bxf6 Qxf6 13. Qf3 Ne7 14. g3 g6 15. O-O b5 16. a3 Rfb8 17. Nb3 Be5 18. Nd4 a6 19. Rfd1 Ra7 20. Bc2 Rd7 21. Bb3 Rbd8 22. Rd2 Bxd4 23. exd4 Nc6 24. Re2 Na5 25. Bc2 Nc4 26. Bd3 Kg7 27. a4 Rc8 28. axb5 axb5 29. Bxc4 bxc4 30. Ra5 Rcd8 31. Kg2 Qb6 32. Rc5 Qb7 33. Qe3 Rd6 34. Qe7 R6d7 35. Qe5+ Kg8 36. Qf6 Rb8 37. Rc6 Rc8 38. Rb6 Qc7 39. Ra6 Rb8 40. Rc6 Qd8 41. Qe5 Rbb7 42. Ra6 Kh7 43. h4 h5 44. Rc6 Rb5 45. Ra6 Rdb7 46. Rd6 Qc7 47. Qf6 1-0

[Event "Czech Open GM 2019"]
[Site "Pardubice"]
[Date "2019.07.23"]
[Round "5.18"]
[White "Rubes, Jan"]
[Black "Cholleti Sahajasri"]
[Result "1/2-1/2"]
[WhiteElo "2369"]
[BlackElo "2223"]
[Annotator "NA"]
[PlyCount "71"]
[EventDate "2019.07.19"]
[EventType "swiss"]
[EventCountry "CZE"]
[SourceTitle "playchess.com"]
[Source "ChessBase"]
[SourceQuality "1"]

1. e4 c5 2. Nf3 d6 3. d4 cxd4 4. Qxd4 Nc6 5. Bb5 Bd7 6. Bxc6 Bxc6 7. c4 Nf6 8. Nc3 g6 9. O-O Bg7 10. Qd3 O-O 11. Bd2 Rc8 12. Rac1 Nd7 13. b4 b6 14. Rfd1 Bb7 15. Qe2 Re8 16. Bg5 h6 17. Bh4 Ne5 18. Nxe5 Bxe5 19. Bg3 Bxg3 20. hxg3 Qd7 21. f3 Qe6 22. Nb5 Ba6 23. Na3 Rc7 24. g4 Rec8 25. b5 Bb7 26. Qe3 Kg7 27. Kf2 Qe5 28. Qd4 Qxd4+ 29. Rxd4 Rc5 30. Rb1 a6 31. bxa6 Bxa6 32. Rxb6 Bxc4 33. Nxc4 Rxc4 34. Rxc4 Rxc4 35. Rb2 Rc3 36. Ke2 1/2-1/2

[Event "Czech Open GM 2019"]
[Site "Pardubice"]
[Date "2019.07.23"]
[Round "5.19"]
[White "Colpe, Malte"]
[Black "Potapov, Pavel"]
[Result "0-1"]
[WhiteElo "2367"]
[BlackElo "2485"]
[Annotator "ChessBase"]
[PlyCount "58"]
[EventDate "2019.07.19"]
[EventType "swiss"]
[EventCountry "CZE"]
[SourceTitle "playchess.com"]
[Source "ChessBase"]
[SourceQuality "1"]

1. d4 f5 2. c4 Nf6 3. Nc3 d6 4. Bg5 Nbd7 5. Qc2 g6 6. h4 c6 7. O-O-O Bg7 8. Nh3 e5 9. dxe5 Nxe5 10. e3 Qc7 11. Qd2 Be6 12. Qxd6 Qxd6 13. Rxd6 Ke7 14. c5 h6 15. Bf4 Nfd7 16. Rd1 Nxc5 17. Be2 b5 18. b3 b4 19. Nb1 a5 20. Nd2 a4 21. Nc4 Nxc4 22. Bxc4 Ne4 23. Bxe6 Kxe6 24. f3 axb3 25. axb3 Ra1+ 26. Kc2 Ra2+ 27. Kd3 Rd8+ 28. Kc4 Rc2+ 29. Kxb4 Bc3+ 0-1

[Event "Czech Open GM 2019"]
[Site "Pardubice"]
[Date "2019.07.23"]
[Round "5.19"]
[White "Grabinsky, Vladimir"]
[Black "Mosesov, Danylo"]
[Result "1-0"]
[WhiteElo "2226"]
[BlackElo "2353"]
[Annotator "TA"]
[PlyCount "161"]
[EventDate "2019.07.19"]
[EventType "swiss"]
[EventCountry "CZE"]
[SourceTitle "playchess.com"]
[Source "ChessBase"]
[SourceQuality "1"]

1. c4 b6 2. Nf3 Bb7 3. g3 g6 4. Bg2 Bg7 5. d4 Nf6 6. Nc3 O-O 7. O-O Ne4 8. Qc2 Nxc3 9. Qxc3 c5 10. Be3 d6 11. Qd2 Nd7 12. Bh6 Nf6 13. Bxg7 Kxg7 14. b3 Qd7 15. Rfd1 cxd4 16. Nxd4 Bxg2 17. Kxg2 Rac8 18. Qd3 Rfd8 19. e4 Qb7 20. f3 h5 21. h4 a6 22. a4 Kg8 23. Qe3 Kh7 24. Ra2 Rc5 25. Rad2 Rdc8 26. Qf4 Qc7 27. Nc2 Kg7 28. Nb4 Qb7 29. Nd3 Ra5 30. e5 dxe5 31. Nxe5 Qc7 32. Nd7 Qxf4 33. gxf4 Rf5 34. Nxf6 Kxf6 35. Kg3 Rcc5 36. Rd7 Rc6 37. Rb7 e5 38. fxe5+ Kxe5 39. Rd5+ Kf6 40. Rxf5+ gxf5 41. Kf4 a5 42. Rd7 Kg6 43. Rd5 Rf6 44. Rb5 Rd6 45. Ke5 Re6+ 46. Kd5 f4 47. c5 bxc5 48. Rxa5 Re3 49. Kc4 Rxf3 50. Rxc5 Rg3 51. Rd5 f3 52. Rd1 Kf5 53. a5 Ke4 54. b4 Ke3 55. b5 f2 56. Rf1 Rg1 57. Rxf2 Kxf2 58. b6 Ra1 59. b7 Rxa5 60. b8=Q Ra4+ 61. Kd3 Rxh4 62. Qb2+ Kf3 63. Qe2+ Kf4 64. Qf2+ Kg5 65. Qxf7 Rg4 66. Qe7+ Kg6 67. Ke3 Kf5 68. Qf7+ Kg5 69. Kf3 Kh6 70. Qf5 Rg6 71. Qf8+ Kh7 72. Kf4 Rg7 73. Kf5 h4 74. Qd8 h3 75. Qh4+ Kg8 76. Qxh3 Rf7+ 77. Ke6 Rg7 78. Qh5 Rh7 79. Qe8+ Kg7 80. Qf7+ Kh6 81. Qf6+ 1-0

[Event "Czech Open GM 2019"]
[Site "Pardubice"]
[Date "2019.07.23"]
[Round "5.20"]
[White "Karthik Venkataraman"]
[Black "Grela, Kacper"]
[Result "1-0"]
[WhiteElo "2480"]
[BlackElo "2354"]
[Annotator "ChessBase"]
[PlyCount "93"]
[EventDate "2019.07.19"]
[EventType "swiss"]
[EventCountry "CZE"]
[SourceTitle "playchess.com"]
[Source "ChessBase"]
[SourceQuality "1"]

1. Nf3 d5 2. e3 Nf6 3. c4 e6 4. Nc3 Be7 5. b3 O-O 6. Bb2 b6 7. g3 Bb7 8. Bg2 Nbd7 9. O-O c5 10. Qe2 Rc8 11. Ne1 Qc7 12. f4 Ne4 13. Nb5 Qb8 14. d3 Nd6 15. Nc3 d4 16. exd4 cxd4 17. Nd1 Bf6 18. Bxb7 Nxb7 19. Nf3 Qd6 20. Nf2 Nbc5 21. Ng4 Rfd8 22. Rad1 a5 23. Nxf6+ Nxf6 24. Nxd4 Na6 25. Nb5 Qc5+ 26. d4 Qf5 27. Rfe1 h5 28. Rd2 Nb4 29. a3 Nc6 30. Qf3 Rd7 31. d5 a4 32. b4 exd5 33. Bxf6 Qxf6 34. cxd5 Rcd8 35. Qxh5 Ne7 36. d6 Nf5 37. Qg5 Qxg5 38. fxg5 Kh7 39. Rd5 Kg6 40. g4 Nxd6 41. Red1 Nxb5 42. Rxd7 Rxd7 43. Rxd7 Nxa3 44. Rd6+ Kxg5 45. Rxb6 Nc4 46. Ra6 a3 47. b5 1-0

[Event "Czech Open GM 2019"]
[Site "Pardubice"]
[Date "2019.07.23"]
[Round "5.20"]
[White "Nikologorsky, Matfei"]
[Black "Nurkiewicz, Maciej"]
[Result "0-1"]
[WhiteElo "2223"]
[BlackElo "2334"]
[Annotator "NA"]
[PlyCount "128"]
[EventDate "2019.07.19"]
[EventType "swiss"]
[EventCountry "CZE"]
[SourceTitle "playchess.com"]
[Source "ChessBase"]
[SourceQuality "1"]

1. e4 c5 2. Nf3 d6 3. d4 cxd4 4. Nxd4 Nf6 5. Nc3 a6 6. Be2 e5 7. Nb3 Be7 8. Be3 Be6 9. O-O O-O 10. Qd2 Nbd7 11. a4 Rc8 12. a5 Qc7 13. Bf3 h6 14. Rfd1 Rfe8 15. Qe1 Nc5 16. Nxc5 dxc5 17. Na4 Nd7 18. Be2 c4 19. f3 Qc6 20. Kh1 Red8 21. Qg3 Kh7 22. Bb6 Nxb6 23. Nxb6 Rxd1+ 24. Rxd1 Rd8 25. Qe1 Rxd1 26. Qxd1 Bb4 27. Qf1 c3 28. b3 Bxa5 29. Nc4 Qc5 30. Bd3 Bc7 31. Qe1 b5 32. Ne3 a5 33. Nd5 b4 34. Qg1 Bd6 35. Qxc5 Bxc5 36. g4 Bd7 37. Kg2 a4 38. bxa4 Bxa4 39. Kg3 g5 40. Kg2 Kg7 41. Kf1 b3 42. Nxc3 bxc2 43. Ne2 Be3 44. Bxc2 Bxc2 45. Kg2 Bb3 46. Ng3 Be6 47. Nh5+ Kf8 48. Nf6 Bc5 49. Kg3 Be7 50. Nh5 Ke8 51. Kf2 Kd7 52. Ke3 Kc6 53. Kd3 Kb5 54. Ng7 Kb4 55. Nh5 Bc4+ 56. Kd2 Kb3 57. Ng3 Bb4+ 58. Ke3 Kc2 59. Kf2 Kd2 60. Nf5 Bc5+ 61. Kg2 Be6 62. Nxh6 f6 63. h4 gxh4 64. Kh3 Be3 0-1

[Event "Czech Open GM 2019"]
[Site "Pardubice"]
[Date "2019.07.23"]
[Round "5.21"]
[White "Skliarov, Viktor"]
[Black "Warmerdam, Max"]
[Result "0-1"]
[WhiteElo "2360"]
[BlackElo "2480"]
[Annotator "TA"]
[PlyCount "92"]
[EventDate "2019.07.19"]
[EventType "swiss"]
[EventCountry "CZE"]
[SourceTitle "playchess.com"]
[Source "ChessBase"]
[SourceQuality "1"]

1. e4 c5 2. Nf3 d6 3. d4 cxd4 4. Qxd4 Nc6 5. Bb5 Bd7 6. Bxc6 Bxc6 7. Nc3 Nf6 8. Bg5 e6 9. O-O-O Be7 10. Rhe1 O-O 11. Kb1 h6 12. Bh4 b5 13. e5 dxe5 14. Qxe5 Qb8 15. Nd4 Bxg2 16. Nf5 exf5 17. Qxe7 Re8 18. Qc5 Ne4 19. Qxf5 Nxc3+ 20. bxc3 Qxh2 21. Bg3 Qh3 22. Rxe8+ Rxe8 23. Qxb5 Qe6 24. Rd6 Qe1+ 25. Kb2 Bf1 26. Qb7 a6 27. Qc7 Qe4 28. Rd4 Qe6 29. a4 Rc8 30. Qa5 Rc6 31. Qd8+ Kh7 32. Rb4 Rc8 33. Qd4 Rc6 34. Qd8 Rc4 35. Qa5 Re4 36. Rd4 Re2 37. c4 Bg2 38. Kb3 Be4 39. Rd2 Re1 40. Rd4 Rb1+ 41. Kc3 Bg6 42. Qd8 Qe1+ 43. Rd2 Qc1 44. Rd6 Qb2+ 45. Kd2 Qxc2+ 46. Ke3 Qe4+ 0-1

[Event "Czech Open GM 2019"]
[Site "Pardubice"]
[Date "2019.07.23"]
[Round "5.21"]
[White "Heimrath, Reiner"]
[Black "Domogaev, Sergey"]
[Result "0-1"]
[WhiteElo "2222"]
[BlackElo "2332"]
[Annotator "TA"]
[PlyCount "136"]
[EventDate "2019.07.19"]
[EventType "swiss"]
[EventCountry "CZE"]
[SourceTitle "playchess.com"]
[Source "ChessBase"]
[SourceQuality "1"]

1. e4 c5 2. Nc3 Nc6 3. g3 g6 4. Bg2 Bg7 5. h4 Nf6 6. Nh3 e5 7. d3 d6 8. Bg5 h6 9. Bxf6 Bxf6 10. Nd5 Bg7 11. c3 Be6 12. Ne3 Qb6 13. Qe2 O-O-O 14. h5 Kb8 15. Ng1 Ne7 16. hxg6 fxg6 17. Nf3 Bf6 18. Bh3 Bf7 19. Nc4 Qc7 20. Nfd2 h5 21. O-O-O g5 22. Kb1 Nc6 23. Ka1 Ne7 24. Bg2 Rdf8 25. Bf3 h4 26. Ne3 Be6 27. Bg4 Bg8 28. Ndc4 Qc6 29. Na3 Qa6 30. Bd7 Nc6 31. Nd5 Bd8 32. Nc4 Ne7 33. Nce3 Rh7 34. Bg4 Qa4 35. Rdf1 Qe8 36. Nxe7 Qxe7 37. c4 Bf7 38. a3 a6 39. Qc2 Rfh8 40. Bf5 Rg7 41. Bg4 Qc7 42. Rb1 Be8 43. Be6 Ka7 44. Ka2 Qa5 45. Bd5 Qc7 46. b4 cxb4 47. Rxb4 Qc5 48. Rhb1 Bc6 49. Bxc6 Qxc6 50. Nf5 Rd7 51. d4 exd4 52. Nxd4 Qc8 53. Nf5 Rhh7 54. e5 dxe5 55. Qe4 Qc5 56. Ne3 h3 57. Rd1 h2 58. Rb2 Bb6 59. Rxd7 Rxd7 60. Qh1 Qc6 61. Qxh2 Bxe3 62. fxe3 Qxc4+ 63. Rb3 Rd3 64. Qb2 Rxe3 65. g4 b5 66. Qb1 Qxb3+ 67. Qxb3 Rxb3 68. Kxb3 Kb6 0-1

[Event "Czech Open GM 2019"]
[Site "Pardubice"]
[Date "2019.07.23"]
[Round "5.22"]
[White "Hemant, Sharma"]
[Black "Gutman, Gennadi"]
[Result "1-0"]
[WhiteElo "2355"]
[BlackElo "2466"]
[Annotator "ChessBase"]
[PlyCount "51"]
[EventDate "2019.07.19"]
[EventType "swiss"]
[EventCountry "CZE"]
[SourceTitle "playchess.com"]
[Source "ChessBase"]
[SourceQuality "1"]

1. c4 e5 2. g3 f5 3. Bg2 Nf6 4. Nc3 d6 5. d3 g6 6. e4 Bg7 7. Nge2 O-O 8. h3 Nc6 9. Be3 Nh5 10. Qd2 Nd4 11. exf5 gxf5 12. O-O-O c6 13. Bg5 Nxe2+ 14. Nxe2 Qe8 15. Bh6 f4 16. Bxg7 Kxg7 17. Bf3 Kh8 18. Bxh5 Qxh5 19. gxf4 exf4 20. Nxf4 Qg5 21. Rde1 Bd7 22. Re4 Rae8 23. h4 Qf5 24. Rxe8 Rxe8 25. Rg1 Re5 26. Ng6+ 1-0

[Event "Czech Open GM 2019"]
[Site "Pardubice"]
[Date "2019.07.23"]
[Round "5.22"]
[White "Stepan, Patrik"]
[Black "Sylvan, Jacob"]
[Result "1/2-1/2"]
[WhiteElo "2221"]
[BlackElo "2326"]
[Annotator "NA"]
[PlyCount "27"]
[EventDate "2019.07.19"]
[EventType "swiss"]
[EventCountry "CZE"]
[SourceTitle "playchess.com"]
[Source "ChessBase"]
[SourceQuality "1"]

1. d4 d5 2. c4 e6 3. Nf3 Nf6 4. Nc3 Be7 5. Bf4 O-O 6. e3 b6 7. cxd5 Nxd5 8. Nxd5 Qxd5 9. Bd3 Qa5+ 10. Ke2 c5 11. Qe1 Qxe1+ 12. Rhxe1 Bb7 13. dxc5 Bxc5 14. Rac1 1/2-1/2

[Event "Czech Open GM 2019"]
[Site "Pardubice"]
[Date "2019.07.23"]
[Round "5.23"]
[White "Van Dael, Siem"]
[Black "Gombocz, Ferenc Jr."]
[Result "1-0"]
[WhiteElo "2319"]
[BlackElo "2210"]
[Annotator "NA"]
[PlyCount "161"]
[EventDate "2019.07.19"]
[EventType "swiss"]
[EventCountry "CZE"]
[SourceTitle "playchess.com"]
[Source "ChessBase"]
[SourceQuality "1"]

1. e4 e5 2. Nf3 Nc6 3. Bc4 Nf6 4. d3 Be7 5. O-O O-O 6. Re1 d6 7. a4 Na5 8. Ba2 c5 9. c3 Nc6 10. Na3 h6 11. Nc2 Be6 12. Bxe6 fxe6 13. d4 exd4 14. cxd4 e5 15. dxe5 dxe5 16. Qe2 Kh7 17. Qc4 Bd6 18. Be3 Qe7 19. Rad1 Ng4 20. h3 Nxe3 21. Nxe3 g6 22. Nd5 Qf7 23. Rd2 g5 24. Qd3 Rad8 25. Red1 Qe6 26. Ne3 Kh8 27. Nf5 Bc7 28. Qc2 b6 29. Rxd8 Rxd8 30. Rxd8+ Bxd8 31. Qd3 Nd4 32. Nd2 Kh7 33. Nc4 Bc7 34. g3 Qc6 35. b3 a6 36. Ne7 Qe6 37. Nd5 Bd8 38. Kg2 b5 39. Nce3 Qc6 40. Ng4 c4 41. bxc4 bxc4 42. Qc3 Qe6 43. Qxc4 h5 44. Nge3 Qf7 45. Nc3 Qf3+ 46. Kg1 Ba5 47. Nf5 Nxf5 48. Qf7+ Kh8 49. exf5 Qxc3 50. f6 Qc7 51. Qe8+ Kh7 52. Qxh5+ Kg8 53. Qe8+ Kh7 54. f7 Bb4 55. Qg8+ Kh6 56. f8=Q+ Bxf8 57. Qxf8+ Kg6 58. Qg8+ Kf6 59. Qd5 a5 60. Kg2 Qb6 61. Qf3+ Kg6 62. g4 Qe6 63. Qd3+ e4 64. Qb5 Kh6 65. Qc5 Qf6 66. Qxa5 Qf3+ 67. Kg1 Qd1+ 68. Kh2 Qd6+ 69. Kg2 e3 70. fxe3 Qc6+ 71. Kf2 Qc2+ 72. Kg3 Qc6 73. Qe5 Qxa4 74. Qf6+ Kh7 75. Qxg5 Qd1 76. Qf5+ Kh8 77. Kh4 Qe1+ 78. Kh5 Qxe3 79. Qf6+ Kh7 80. Qg6+ Kh8 81. Qh6+ 1-0

[Event "Czech Open GM 2019"]
[Site "Pardubice"]
[Date "2019.07.23"]
[Round "5.23"]
[White "Najdin, Danil"]
[Black "Gazik, Viktor"]
[Result "0-1"]
[WhiteElo "2314"]
[BlackElo "2525"]
[Annotator "ChessBase"]
[PlyCount "80"]
[EventDate "2019.07.19"]
[EventType "swiss"]
[EventCountry "CZE"]
[SourceTitle "playchess.com"]
[Source "ChessBase"]
[SourceQuality "1"]

1. e4 c5 2. Nf3 d6 3. Bb5+ Nd7 4. O-O Ngf6 5. Re1 a6 6. Bf1 g6 7. c3 Bg7 8. d4 O-O 9. e5 Ne8 10. Bf4 b5 11. Nbd2 Bb7 12. Ne4 dxe5 13. dxe5 Nc7 14. Qc2 Ne6 15. Bg3 Qc7 16. Rad1 Rfd8 17. Nf6+ Kh8 18. Nd5 Bxd5 19. Rxd5 Nb6 20. Rxd8+ Rxd8 21. Rd1 Bh6 22. Rxd8+ Qxd8 23. Qe4 Qd7 24. Ne1 Qd2 25. Qb7 Na4 26. Qxe7 Kg8 27. Nd3 Bf8 28. Qe8 Nxb2 29. Nxb2 Qxb2 30. Qa8 Qxa2 31. Bh4 c4 32. Be7 Qa1 33. g3 a5 34. Qb8 Qb1 35. f4 Kg7 36. Bf6+ Kh6 37. Qb7 Bc5+ 38. Kg2 Qc2+ 39. Kh3 Qf5+ 40. Kg2 Nxf4+ 0-1

[Event "Czech Open GM 2019"]
[Site "Pardubice"]
[Date "2019.07.23"]
[Round "5.24"]
[White "Pesotskiy, Mikhail"]
[Black "Belyakov, Bogdan"]
[Result "1/2-1/2"]
[WhiteElo "2301"]
[BlackElo "2500"]
[Annotator "ChessBase"]
[PlyCount "84"]
[EventDate "2019.07.19"]
[EventType "swiss"]
[EventCountry "CZE"]
[SourceTitle "playchess.com"]
[Source "ChessBase"]
[SourceQuality "1"]

1. c4 c5 2. g3 Nc6 3. Bg2 g6 4. Nc3 Bg7 5. Nf3 d6 6. O-O Nf6 7. d4 O-O 8. dxc5 dxc5 9. Bf4 Nh5 10. Be3 b6 11. Qc1 Bb7 12. Rd1 Qc8 13. Bh6 Rd8 14. Rxd8+ Qxd8 15. Bxg7 Kxg7 16. Qe3 Nf6 17. Rd1 Qe8 18. Ne5 Nxe5 19. Qxe5 Bxg2 20. Kxg2 Rd8 21. Nd5 Rd6 22. b3 Re6 23. Qb2 Kg8 24. f3 Nxd5 25. cxd5 Rd6 26. e4 Qd8 27. Rd3 e6 28. Qd2 exd5 29. Rxd5 Rxd5 30. exd5 Qd6 31. Qd3 Kf8 32. Qe4 Qf6 33. Qa4 Qb2+ 34. Kh3 Qe2 35. Qf4 Kg7 36. g4 h6 37. Kg3 Qe1+ 38. Kg2 b5 39. h4 Qe2+ 40. Kg3 Qe1+ 41. Kg2 Qe2+ 42. Kg3 Qe1+ 1/2-1/2

[Event "Czech Open GM 2019"]
[Site "Pardubice"]
[Date "2019.07.23"]
[Round "5.24"]
[White "Muhseen Abdullah Mohammed"]
[Black "Vokac, Marek"]
[Result "0-1"]
[WhiteElo "2200"]
[BlackElo "2316"]
[Annotator "NA"]
[PlyCount "58"]
[EventDate "2019.07.19"]
[EventType "swiss"]
[EventCountry "CZE"]
[SourceTitle "playchess.com"]
[Source "ChessBase"]
[SourceQuality "1"]

1. d4 g6 2. c4 Bg7 3. e4 c5 4. d5 d6 5. Qc2 Nf6 6. Nc3 O-O 7. Bd3 e6 8. Bg5 exd5 9. cxd5 Na6 10. a3 Qa5 11. Qa4 Qxa4 12. Nxa4 Nxe4 13. Bxe4 Re8 14. f3 f5 15. O-O-O fxe4 16. Re1 c4 17. Rxe4 Bd7 18. Nc3 Nc5 19. Rxe8+ Rxe8 20. Nge2 b5 21. Kb1 a5 22. Ng3 Bf5+ 23. Nxf5 gxf5 24. Nxb5 Rb8 25. a4 Nxa4 26. Nxd6 Rxb2+ 27. Kc1 Rxg2 28. Bh4 Bb2+ 29. Kd1 c3 0-1

[Event "Czech Open GM 2019"]
[Site "Pardubice"]
[Date "2019.07.23"]
[Round "5.25"]
[White "Gungl, Theo"]
[Black "Simacek, Pavel"]
[Result "1-0"]
[WhiteElo "2306"]
[BlackElo "2490"]
[Annotator "ChessBase"]
[PlyCount "79"]
[EventDate "2019.07.19"]
[EventType "swiss"]
[EventCountry "CZE"]
[SourceTitle "playchess.com"]
[Source "ChessBase"]
[SourceQuality "1"]

1. d4 Nf6 2. c4 g6 3. Nc3 Bg7 4. e4 O-O 5. Nf3 d6 6. Be2 e5 7. d5 a5 8. Bg5 h6 9. Bh4 Na6 10. Nd2 c6 11. f3 Bd7 12. O-O Qc7 13. Bf2 Nh5 14. Re1 Nf4 15. Bf1 Nb4 16. Nb3 cxd5 17. cxd5 a4 18. a3 Na6 19. Nc1 Nc5 20. Nd3 Nb3 21. Rb1 Rfc8 22. Be3 Nxd3 23. Bxd3 Qa5 24. Qe2 Nd4 25. Qd2 Kh7 26. Na2 Nb3 27. Qf2 Bf6 28. Nb4 Bd8 29. f4 Be8 30. fxe5 dxe5 31. d6 Nc5 32. Rbd1 Nd7 33. Be2 Bb6 34. Bg4 Bxe3 35. Rxe3 Qd8 36. Bxd7 Qxd7 37. Nd5 Kg7 38. Qf6+ Kh7 39. Qxe5 Qe6 40. Nf6+ 1-0

[Event "Czech Open GM 2019"]
[Site "Pardubice"]
[Date "2019.07.23"]
[Round "5.25"]
[White "Parizek, Vojtech"]
[Black "Zetocha, Claudiu"]
[Result "1/2-1/2"]
[WhiteElo "2199"]
[BlackElo "2316"]
[Annotator "TA"]
[PlyCount "118"]
[EventDate "2019.07.19"]
[EventType "swiss"]
[EventCountry "CZE"]
[SourceTitle "playchess.com"]
[Source "ChessBase"]
[SourceQuality "1"]

1. e4 c5 2. Nf3 e6 3. d4 cxd4 4. Nxd4 a6 5. Bd3 Nf6 6. O-O d6 7. c4 Be7 8. Nc3 O-O 9. Qe2 Re8 10. Be3 Nbd7 11. f4 g6 12. Kh1 e5 13. Nf3 exf4 14. Bxf4 Nc5 15. Rad1 Be6 16. Bb1 Qc7 17. h3 Ncd7 18. b3 Ne5 19. Rc1 Nh5 20. Bh2 Rac8 21. Qd2 Bf6 22. Ne2 Qe7 23. Ned4 Red8 24. Bd3 Bg7 25. Qe3 Nf6 26. Rcd1 Nfd7 27. Bf4 Nc5 28. Bc2 Bd7 29. a4 Bc6 30. a5 Nxf3 31. Nxf3 Nxe4 32. Bxe4 Qxe4 33. Qxe4 Bxe4 34. Rxd6 Bc3 35. Rxd8+ Rxd8 36. Be5 Bxa5 37. Ng5 Bf5 38. g4 Bd2 39. Nxf7 Be4+ 40. Kh2 Rf8 41. Rd1 Rxf7 42. Rxd2 Rf3 43. b4 Rb3 44. Bd6 Bd3 45. Bc5 Kf7 46. Rf2+ Ke6 47. Rf4 Rc3 48. Rd4 Bxc4 49. Rd6+ Ke5 50. Bd4+ Kxd6 51. Bxc3 Kc6 52. Kg3 Kb5 53. Kf4 b6 54. Kg5 Bf1 55. Kh6 Bxh3 56. Kxh7 Bxg4 57. Kxg6 a5 58. bxa5 bxa5 59. Bxa5 Kxa5 1/2-1/2

[Event "Czech Open GM 2019"]
[Site "Pardubice"]
[Date "2019.07.23"]
[Round "5.26"]
[White "Thakur, Akash"]
[Black "Medvedyk, Volodymyr"]
[Result "1/2-1/2"]
[WhiteElo "2311"]
[BlackElo "2197"]
[Annotator "NA"]
[PlyCount "37"]
[EventDate "2019.07.19"]
[EventType "swiss"]
[EventCountry "CZE"]
[SourceTitle "playchess.com"]
[Source "ChessBase"]
[SourceQuality "1"]

1. e4 e5 2. Nf3 Nc6 3. d4 exd4 4. Nxd4 Bc5 5. Nb3 Bb6 6. Nc3 Nf6 7. Qe2 O-O 8. Bg5 h6 9. Bh4 Nd4 10. Qd2 Nxb3 11. axb3 Nxe4 12. Bxd8 Nxd2 13. Be7 Re8 14. Kxd2 Rxe7 15. Nd5 Re5 16. Bc4 d6 17. f4 Re8 18. Nxb6 cxb6 19. Bd5 1/2-1/2

[Event "Czech Open GM 2019"]
[Site "Pardubice"]
[Date "2019.07.23"]
[Round "5.26"]
[White "Hollan, Petr"]
[Black "Barski, Radoslaw"]
[Result "1/2-1/2"]
[WhiteElo "2287"]
[BlackElo "2468"]
[Annotator "ChessBase"]
[PlyCount "93"]
[EventDate "2019.07.19"]
[EventType "swiss"]
[EventCountry "CZE"]
[SourceTitle "playchess.com"]
[Source "ChessBase"]
[SourceQuality "1"]

1. e4 e5 2. Nf3 Nc6 3. Bb5 a6 4. Ba4 Nf6 5. O-O Be7 6. Re1 b5 7. Bb3 d6 8. c3 O-O 9. h3 Bb7 10. d4 Re8 11. Ng5 Rf8 12. Nf3 Nd7 13. Nbd2 exd4 14. cxd4 Bf6 15. Nf1 Na5 16. Bc2 Re8 17. Ng3 g6 18. b3 c5 19. Be3 h5 20. Rc1 h4 21. Nf1 Nc6 22. Bb1 cxd4 23. Nxd4 Nxd4 24. Bxd4 Bxd4 25. Qxd4 Qf6 26. Red1 Qxd4 27. Rxd4 Nf6 28. Rxd6 Nxe4 29. Rd7 Rac8 30. Rxc8 Bxc8 31. Rc7 Nf6 32. Ne3 Be6 33. Bd3 Rd8 34. Be2 Rd2 35. Rc2 Rxc2 36. Nxc2 Ne4 37. Nb4 Nc3 38. Kf1 a5 39. Nc6 a4 40. bxa4 bxa4 41. a3 Nb1 42. Nd4 Bd5 43. Bd1 Nd2+ 44. Ke1 Nc4 45. g3 hxg3 46. fxg3 Nxa3 47. Bxa4 1/2-1/2

[Event "Czech Open GM 2019"]
[Site "Pardubice"]
[Date "2019.07.23"]
[Round "5.27"]
[White "Bagi, Mate"]
[Black "Ratsma, Midas"]
[Result "1-0"]
[WhiteElo "2459"]
[BlackElo "2295"]
[Annotator "ChessBase"]
[PlyCount "89"]
[EventDate "2019.07.19"]
[EventType "swiss"]
[EventCountry "CZE"]
[SourceTitle "playchess.com"]
[Source "ChessBase"]
[SourceQuality "1"]

1. e4 c6 2. Nf3 d5 3. Nc3 Nf6 4. e5 Ne4 5. Ne2 Qb6 6. d4 e6 7. Ng3 Nxg3 8. fxg3 c5 9. Bd3 h6 10. O-O Be7 11. Kh1 Nc6 12. dxc5 Qxc5 13. a3 Bd7 14. b4 Qb6 15. Bb2 O-O 16. Qd2 Rad8 17. g4 Qc7 18. Rae1 f6 19. exf6 Bxf6 20. Bxf6 Rxf6 21. b5 Ne7 22. Qb4 Nc8 23. g5 Rf4 24. Qd2 Rdf8 25. gxh6 gxh6 26. Qe3 Qb6 27. Qe5 R8f6 28. Nd4 Qd6 29. Rxf4 Qxe5 30. Rxe5 Rxf4 31. Nxe6 Ra4 32. Nc5 Rxa3 33. h3 Nb6 34. Nxd7 Nxd7 35. Rxd5 Nf6 36. Rc5 b6 37. Rc7 Kf8 38. Kh2 h5 39. Bg6 Nd5 40. Rc8+ Ke7 41. Bxh5 Rc3 42. Ra8 Rxc2 43. Rxa7+ Kd6 44. Rg7 Rb2 45. Be8 1-0

[Event "Czech Open GM 2019"]
[Site "Pardubice"]
[Date "2019.07.23"]
[Round "5.27"]
[White "Kusa, Jakub"]
[Black "Nun, Jiri"]
[Result "1/2-1/2"]
[WhiteElo "2199"]
[BlackElo "2310"]
[Annotator "NA"]
[PlyCount "65"]
[EventDate "2019.07.19"]
[EventType "swiss"]
[EventCountry "CZE"]
[SourceTitle "playchess.com"]
[Source "ChessBase"]
[SourceQuality "1"]

1. e4 c5 2. Nf3 Nc6 3. d4 cxd4 4. Nxd4 Nf6 5. Nc3 e5 6. Ndb5 d6 7. Bg5 a6 8. Na3 b5 9. Nd5 Be7 10. Nxe7 Nxe7 11. Qf3 Ng6 12. c4 O-O 13. Bd3 h6 14. Bxf6 Qa5+ 15. Kf1 gxf6 16. h4 Nf4 17. g3 Nxd3 18. Qxd3 Be6 19. Kg2 bxc4 20. Nxc4 Qb5 21. Rhc1 d5 22. exd5 Bxd5+ 23. Kh2 Rad8 24. b3 Be6 25. Qf3 Kg7 26. Ne3 Rd2 27. Rd1 Rfd8 28. Rxd2 Rxd2 29. Ng4 Bxg4 30. Qxg4+ Kh7 31. Qf5+ Kg7 32. Qg4+ Kh7 33. Qf5+ 1/2-1/2